[Event "Canadian Closed zt"]
[Site "Toronto CAN"]
[Date "2006.08.19"]
[Round "2"]
[White "Ochkoos,J"]
[Black "Livshits,R"]
[Result "1-0"]
[WhiteElo "2305"]
[BlackElo "2355"]

1.e4 c5 2.Nf3 d6 3.d4 cxd4 4.Nxd4 Nf6 5.Nc3 a6 6.f3 e6 7.Be3 b5 8.Qd2 Nbd7
9.g4 Nb6 10.O-O-O Bb7 11.g5 Nfd7 12.h4 Rc8 13.Bd3 Ne5 14.Bg1 Be7 15.Kb1 b4
16.Nce2 d5 17.Ng3 Nec4 18.Qe1 Nxb2 19.Kxb2 Na4+ 20.Kc1 b3 21.Nxb3 Ba3+ 22.Kb1 Nc3+
23.Ka1 Qd7 24.Bc5 Bxc5 25.Qxc3 Bd6 26.Qxg7 Rf8 27.Ne2 e5 28.exd5 Bxd5 29.Bf5 Qxf5
30.Rxd5 Rxc2 31.Ned4 Qd3 32.Nxc2 Qxd5 33.Qxh7 Qxf3 34.Re1 Qc3+ 35.Kb1 Ba3
36.Rxe5+ Qxe5 37.Nxa3 Qe1+ 38.Kc2 Ke7 39.Nc4 Rd8 40.Nbd2 Qa1 41.Qe4+ Kf8
42.a3 Qa2+ 43.Kc1 Qa1+ 44.Kc2 Qa2+ 45.Kc3 Qa1+ 46.Kb4 Rb8+ 47.Kc5 Qg1+ 48.Qe3 Rc8+
49.Kb4 Rb8+ 50.Kc5 Rc8+ 51.Kb4 a5+ 52.Kxa5 Qh1 53.Nb6 Rd8 54.Ndc4 Qxh4 55.a4 Qd4
56.Qg3 Qc5+ 57.Ka6 Qc6 58.Ka7 Kg8 59.a5 Qc5 60.g6 f5 61.Qg5 Rf8 62.Kb7 Qd4
63.a6 Qe4+ 64.Kc7 f4 65.Nd6 Qe6 66.g7 Rf6 67.Qd5  1-0

[Event "Acropolis Women's Open"]
[Site "Athens GRE"]
[Date "2006.08.21"]
[Round "9"]
[White "Stiri,A"]
[Black "Rogule,L"]
[Result "0-1"]
[WhiteElo "2186"]
[BlackElo "2342"]

1.e4 c5 2.Nf3 d6 3.d4 cxd4 4.Nxd4 Nf6 5.Nc3 a6 6.f3 e5 7.Nb3 Be6 8.Be3 Be7
9.Qd2 O-O 10.O-O-O Nbd7 11.g4 b5 12.g5 b4 13.Na4 Ne8 14.h4 a5 15.Qf2 f5 16.Bh3 Qc8
17.Qd2 Nc7 18.f4 Qe8 19.exf5 Bxf5 20.Bxf5 Rxf5 21.Nb6 Nxb6 22.Bxb6 a4 23.Bxc7 axb3
24.Qd5+ Kh8 25.Qxb3 exf4 26.Bxd6 Bxd6 27.Rxd6 Rfa5 28.Qe6 Qf8 29.Re1 Rxa2
30.Qe7 f3 31.Qxf8+ Rxf8 32.Kd2 Rxb2 33.Rd3 Kg8 34.Kc1 Ra2 35.Kb1 Rfa8 36.Red1 Ra1+
37.Kb2 R8a2+ 38.Kb3 Ra3+ 39.Kxb4 Rxd3 40.Rxa1 Rd4+ 41.c4 Rxh4 42.Rf1 Rf4
43.Kc5 Kf7 44.Kd5 Kg6 45.c5 Kxg5 46.c6 Rf8 47.c7 Kf4 48.Ke6 Ke3 49.Rb1 Rc8
50.Rb3+ Kf4 51.Kd7 Rxc7+ 52.Kxc7 f2 53.Rb8 Kg3 54.Rf8 Kg2 55.Rf7 g6  0-1

[Event "9th Open"]
[Site "Banyoles ESP"]
[Date "2006.08.21"]
[Round "6"]
[White "Ruijgrok,D"]
[Black "Hillarp Persson,T"]
[Result "0-1"]
[WhiteElo "2268"]
[BlackElo "2549"]

1.e4 c5 2.Nf3 d6 3.d4 cxd4 4.Nxd4 Nf6 5.Nc3 a6 6.f3 e6 7.Be3 b5 8.Qd2 Nbd7
9.g4 h6 10.O-O-O Ne5 11.Bd3 Bb7 12.Qf2 Rc8 13.Kb1 b4 14.Na4 Qa5 15.b3 d5
16.Bf1 Qc7 17.h3 Be7 18.Bg2 dxe4 19.f4 Nf3 20.Rc1 Nd5 21.Nxf3 exf3 22.Bxf3 Nc3+
23.Nxc3 Qxc3 24.Bxb7 Bf6 25.Bd4 Bxd4 26.Qxd4 Qxd4 27.Bxc8 Qxf4 28.Bxa6 Qe5
29.h4 Ke7 30.Rcg1 Ra8 31.Bd3 Qa5 32.g5 Qxa2+ 33.Kc1 Qa1+ 34.Kd2 Qc3+ 35.Ke2 Ra2
36.gxh6 gxh6  0-1

[Event "XXVI Open A"]
[Site "Bratto ITA"]
[Date "2006.08.22"]
[Round "4"]
[White "Mazzilli,P"]
[Black "Shytaj,L"]
[Result "0-1"]
[WhiteElo "2310"]
[BlackElo "2433"]

1.e4 c5 2.Nf3 d6 3.d4 Nf6 4.Nc3 cxd4 5.Nxd4 a6 6.f3 e5 7.Nb3 Be6 8.Be3 Nbd7
9.Qd2 h5 10.Nd5 Nxd5 11.exd5 Bf5 12.Be2 a5 13.a4 Be7 14.O-O Bg6 15.Bb5 O-O
16.Bxd7 Qxd7 17.Nxa5 Qc7 18.b4 Qxc2 19.Qxc2 Bxc2 20.Rfc1 Rfc8 21.Nc6 bxc6
22.Rxc2 c5 23.b5 Bd8 24.Bd2 Rcb8 25.Raa2 Ba5 26.Bxa5 Rxa5 27.Rcb2 Kf8 28.Kf2 Ke7
29.Ke2 Kd7 30.Kd3 Kc7 31.Kc4 Kb6 32.Kb3 Re8 33.Re2 g5 34.Re4 f5 35.Rc4 Ra7
36.g3 Rae7 37.Kc3 Ka5 38.Kd3 Rg7 39.Rg2 Rf8 40.Rf2 g4 41.fxg4 Rxg4 42.Rfc2 Rfg8
43.Ke3 R8g6 44.Kf3 Rxc4 45.Rxc4 Rg4 46.Rxg4 hxg4+ 47.Ke3 c4  0-1

[Event "6th Open"]
[Site "Velika Gorica CRO"]
[Date "2006.08.24"]
[Round "7"]
[White "Zivkovic,Vj"]
[Black "Bender,I"]
[Result "1-0"]
[WhiteElo "2407"]
[BlackElo "2301"]

1.e4 c5 2.Nf3 d6 3.d4 cxd4 4.Nxd4 Nf6 5.Nc3 a6 6.f3 e5 7.Nb3 Be7 8.Be3 Be6
9.Qd2 O-O 10.O-O-O Nbd7 11.g4 b5 12.g5 b4 13.Ne2 Ne8 14.h4 a5 15.Kb1 Nc7
16.f4 a4 17.Nbc1 Qb8 18.f5 Bc4 19.Ng3 Bxf1 20.Rhxf1 f6 21.g6 Rc8 22.gxh7+ Kh8
23.Nh5 Nb5 24.Qg2 Na3+ 25.bxa3 bxa3+ 26.Nb3 Bf8 27.Bh6 g5 28.Bxf8 Qb4 29.Bg7+ Kxh7
30.Nxf6+ Nxf6 31.Qxg5 Ne8  1-0

[Event "Rudenko Mem"]
[Site "St Petersburg RUS"]
[Date "2006.08.31"]
[Round "6"]
[White "Akatova,E"]
[Black "Komiagina,M"]
[Result "1/2-1/2"]
[WhiteElo "2159"]
[BlackElo "2335"]

1.e4 c5 2.Nf3 d6 3.d4 cxd4 4.Nxd4 Nf6 5.Nc3 a6 6.f3 e6 7.Be3 b5 8.Qd2 Nbd7
9.Qf2 b4 10.Nc6 Qc7 11.Nxb4 d5 12.Nd3 dxe4 13.Nxe4 Nxe4 14.fxe4 Bb7 15.Be2 Bd6
16.Bf3 O-O 17.g3 e5 18.O-O f5 19.Qg2 Nf6 20.Nf2 Qc6 21.Qh3 fxe4 22.Bh1 Bc5
23.Rae1 Rae8 24.g4 Bc8 25.Qg3 Bxe3 26.Qxe3 Bxg4 27.Nxe4 Nxe4 28.Bxe4 Qd6
29.Rxf8+ Rxf8 30.Rf1 Rd8 31.Bd3 g6 32.Re1 Re8 33.h3 Bf5 34.Bxf5 gxf5 35.Qb3+ Kh8
36.Qe3 Qc6 37.Re2 Qd5 38.Rg2 Qf7 39.Qg5 f4 40.Rd2 Qe7 41.Qxe7 Rxe7 42.Kf2 e4
43.Rd1 Kg7 44.c4 Kf6 45.b4 Rb7 46.Rd4 Re7 47.Rd1 Re5 48.a4 a5 49.b5 Rc5 50.Rc1 Ke6
51.b6 Kd7 52.Rd1+ Kc8 53.Rd4 Re5 54.c5 e3+ 55.Ke1 Rxc5 56.Rxf4 Kb7 57.Rf7+ Kxb6
58.Rxh7 Re5 59.Ke2 Kc5 60.Rb7 Kc4 61.h4 Rh5 62.Kxe3 Rxh4  1/2-1/2

[Event "Rudenko Mem"]
[Site "St Petersburg RUS"]
[Date "2006.09.01"]
[Round "7"]
[White "Bronnikova,E"]
[Black "Minogina,T"]
[Result "1-0"]
[WhiteElo "2243"]
[BlackElo "2274"]

1.e4 c5 2.Nf3 d6 3.d4 cxd4 4.Nxd4 Nf6 5.Nc3 a6 6.f3 e6 7.Be3 Be7 8.Qd2 Qc7
9.g4 b5 10.O-O-O Nc6 11.Nxc6 Qxc6 12.Kb1 Bb7 13.g5 Nd7 14.Ne2 Ne5 15.Nd4 Qc7
16.Qf2 Rc8 17.Bh3 Nc4 18.Bc1 Qc5 19.Qg2 d5 20.g6 hxg6 21.Bxe6 Rd8 22.Nb3 Qb6
23.Bxd5 Bxd5 24.exd5 Rh5 25.Rhe1 Kf8 26.Rd3 Qd6 27.f4 Rxd5 28.Qh3 f5 29.Rg3 Qf6
30.Qg2 Rd1 31.Rxd1 Rxd1 32.c3 Qe6 33.Rxg6 Bf6 34.Rg3 Qe1 35.Qc2 a5 36.Rd3 Rxd3
37.Qxd3 Qe4 38.Nc5 Qxd3+ 39.Nxd3 Ke7 40.Kc2 Ke6 41.b3 Nd6 42.Be3 Kd5 43.Bb6 Nb7
44.Nf2 a4 45.Kd3 axb3 46.axb3 Nd6 47.Nd1 g5 48.fxg5 Bxg5 49.Be3 f4 50.Bd4 Bh4
51.Nf2 Bg5 52.Nh3 Bh6 53.Ng1 Ke6 54.c4 bxc4+ 55.bxc4 Nf7 56.Nf3 Kf5 57.c5 Nd8
58.h3 Nc6 59.Bf2 Ne7 60.Bh4 Nd5 61.Kd4 Nb4 62.Kc4 Nc6 63.Nd4+ Nxd4 64.Kxd4 Bg7+
65.Kd5 Be5 66.Bf2 Bb8 67.Kc6 Ke4 68.Kb7 Be5 69.c6 Kf3 70.Bd4 Bd6 71.h4 Kg4
72.Bf2 Kf3 73.Bc5 Be5 74.Bd4 Bxd4 75.c7 Ke2 76.c8=Q f3 77.Qc4+ Ke3 78.h5 f2
79.h6 Bb2 80.h7 Kd2 81.Qf1 Ke3 82.Kc6 Bh8 83.Kd7  1-0

[Event "3rd Open"]
[Site "Kalamaria GRE"]
[Date "2006.09.02"]
[Round "4"]
[White "Aroshidze,L"]
[Black "Nielsen,PH"]
[Result "1/2-1/2"]
[WhiteElo "2490"]
[BlackElo "2640"]

1.e4 c5 2.Nf3 d6 3.d4 cxd4 4.Nxd4 Nf6 5.Nc3 a6 6.f3 e6 7.Be3 b5 8.Qd2 b4
9.Na4 Nbd7 10.O-O-O Qa5 11.b3 Bb7 12.a3 Qc7 13.axb4 d5 14.b5 Ba3+ 15.Kb1 O-O
16.Qc3 Qd6 17.bxa6 Bxa6 18.Qc6 Qxc6 19.Nxc6 dxe4 20.fxe4 Bb7 21.Bb5 Rfc8
22.Na7 Rc7 23.Bxd7 Rxd7 24.Rxd7 Nxd7 25.Rd1 Nf6 26.Bc5 Bxc5 27.Nxc5 Nxe4
28.Nxe4 Bxe4 29.Rd2 h6 30.Nb5 Rb8 31.Nd6 Rxb3+ 32.Ka2 Re3 33.Nxe4 Rxe4 34.Rd8+ Kh7
35.Kb3 Re3+ 36.c3 f5 37.Rd2 e5 38.Kb4 e4 39.c4 Re1 40.Rc2 Rb1+ 41.Kc3 Kg6
42.c5 Kf6 43.c6 Ke6 44.Kd4 Rd1+ 45.Ke3 Rd3+ 46.Ke2 Rd8 47.Ke3 Rc8 48.g4 fxg4
49.Kxe4 Kd6 50.Kf5 Rxc6 51.Rd2+ Ke7 52.Kxg4 Kf6  1/2-1/2

[Event "ch-U20 Panamerican"]
[Site "Bogota COL"]
[Date "2006.09.04"]
[Round "3"]
[White "Pena,Alf"]
[Black "Perez Olarte,C"]
[Result "1-0"]
[WhiteElo "2292"]
[BlackElo "1943"]

1.e4 c5 2.Nf3 d6 3.d4 cxd4 4.Nxd4 Nf6 5.Nc3 a6 6.f3 e5 7.Nb3 Be6 8.Be3 Nbd7
9.Qd2 Qc7 10.g4 Nb6 11.O-O-O Be7 12.g5 Nfd7 13.Nd5 Bxd5 14.exd5 O-O-O 15.Qb4 Kb8
16.Kb1 Rc8 17.c4 Nxd5 18.Rxd5  1-0

[Event "ch-U20 Panamerican"]
[Site "Bogota COL"]
[Date "2006.09.05"]
[Round "4"]
[White "Munoz,Li"]
[Black "Echeverria Acuca,M"]
[Result "1/2-1/2"]
[WhiteElo "2332"]
[BlackElo "2147"]

1.e4 c5 2.Nf3 d6 3.d4 cxd4 4.Nxd4 Nf6 5.Nc3 a6 6.f3 e5 7.Nb3 Be7 8.Be3 Be6
9.Qd2 O-O 10.g4 b5 11.O-O-O b4 12.Nd5 Bxd5 13.exd5 a5 14.Kb1 Qc7 15.h4 a4
16.Nc1 Rc8 17.Rh2 Ra5 18.Qxb4 Nxd5 19.Rxd5 Rxd5 20.Bd3 g6 21.h5 Rxd3 22.Nxd3 d5
23.Qd2 Nc6 24.hxg6 fxg6 25.Rh1 d4 26.Bg5 a3 27.b3 Bxg5 28.Qxg5 Nb4 29.Qd2  1/2-1/2

[Event "3rd Open"]
[Site "Kalamaria GRE"]
[Date "2006.09.05"]
[Round "8"]
[White "Parligras,M"]
[Black "Banikas,H"]
[Result "1/2-1/2"]
[WhiteElo "2510"]
[BlackElo "2576"]

1.e4 c5 2.Nf3 d6 3.d4 Nf6 4.Nc3 cxd4 5.Nxd4 a6 6.f3 Qb6 7.g4 e6 8.Nb3 Qc7
9.Be3 b5 10.Qd2 Nc6 11.O-O-O Be7 12.h4 Bb7 13.g5 Nd7 14.Qf2 Nce5 15.a3 O-O
16.h5 f5 17.Nd4 Nc5 18.exf5 exf5 19.Bf4 Qb6 20.Rh2  1/2-1/2

[Event "59th ch-RUS 1st League"]
[Site "Tomsk RUS"]
[Date "2006.09.09"]
[Round "7"]
[White "Najer,E"]
[Black "Shomoev,A"]
[Result "1-0"]
[WhiteElo "2677"]
[BlackElo "2528"]

1.e4 c5 2.Nf3 d6 3.d4 cxd4 4.Nxd4 Nf6 5.Nc3 a6 6.f3 e6 7.Be3 b5 8.g4 h6 9.Qd2 Nbd7
10.O-O-O b4 11.Nce2 Qc7 12.h4 d5 13.e5 Nxe5 14.b3 Bd7 15.Rg1 Rc8 16.Kb1 Bc5
17.Bg2 h5 18.g5 Ng8 19.Rge1 Ng6 20.Nf4 N8e7 21.Nxg6 Nxg6 22.f4 O-O 23.Bf3 Bd6
24.Bxh5 Nxf4 25.Bg4 f5 26.gxf6 Rxf6 27.h5 e5 28.Bxd7 exd4 29.Bxd4 Qxd7 30.Bxf6 gxf6
31.Rg1+ Kh8 32.h6 Rg8 33.Rxg8+ Kxg8 34.Rg1+ Kh8 35.Qe1 Ne6 36.Qf1 Be5 37.Qxa6 Ng5
38.a4 Kh7 39.Qb6 Kxh6 40.Qxb4 Qc8 41.a5 Ne4 42.Qe1 Ng5 43.Qe3 Qc7 44.b4 Qc6
45.Qa3 Qa6 46.Qb3 Qb5 47.Ka2 Kg7 48.Ka3 Kf8 49.Rd1 d4 50.Qd3 Qc6 51.Kb3 Nf7
52.Qc4 Qf3+ 53.Rd3 Qh1 54.Qc5+ Nd6 55.a6 Ke8 56.a7 Kd7 57.Ka2 Nc8 58.Rh3 Qxh3
59.a8=Q Nd6 60.Qca7+ Ke6 61.Qg8+  1-0

[Event "EU-chB18"]
[Site "Herceg Novi MNE"]
[Date "2006.09.10"]
[Round "1"]
[White "Szabo,Kr1"]
[Black "Rojicek,V"]
[Result "1-0"]
[WhiteElo "2467"]
[BlackElo "2235"]

1.e4 c5 2.Nf3 d6 3.d4 cxd4 4.Nxd4 Nf6 5.Nc3 a6 6.f3 e6 7.Be3 Be7 8.Qd2 Nc6
9.O-O-O O-O 10.g4 Nxd4 11.Qxd4 b5 12.g5 Nd7 13.h4 Bb7 14.Kb1 Qc7 15.h5 Rfd8
16.g6 Rac8 17.Bh3 Ne5 18.gxf7+ Kxf7 19.h6 Bf6 20.Rhg1 d5 21.exd5 Bxd5 22.Qf4 g6
23.Nxd5 Rxd5 24.Rxd5 Qxc2+ 25.Ka1 exd5 26.Rc1 Qxc1+ 27.Bxc1 Rc4 28.Qe3 d4
29.Qe1 d3 30.f4  1-0

[Event "3rd LGA Premium Cup"]
[Site "Nuernberg GER"]
[Date "2006.09.10"]
[Round "6"]
[White "Zaragatski,I"]
[Black "Hillarp Persson,T"]
[Result "1-0"]
[WhiteElo "2436"]
[BlackElo "2549"]

1.e4 c5 2.Nf3 d6 3.d4 cxd4 4.Nxd4 Nf6 5.Nc3 a6 6.f3 e6 7.Be3 b5 8.g4 h6 9.Qd2 b4
10.Nce2 e5 11.Nb3 a5 12.Ng3 a4 13.Nc1 d5 14.Bb5+ Bd7 15.Bd3 Bc6 16.Nce2 Nbd7
17.O-O-O b3 18.cxb3 axb3 19.a3 Qc8 20.Kb1 Qb7 21.exd5 Bxd5 22.g5 hxg5 23.Bxg5 Bxf3
24.Rhf1 Bg2 25.Rfe1 Bf3 26.h4 Bc5 27.Rc1 Qa7 28.Nc3 O-O 29.Nf5 Rfb8 30.Bxf6 Nxf6
31.Qg5 Ne8 32.Rxe5 f6 33.Nh6+ Kf8 34.Qf5 Bd4 35.Nb5 Rxb5 36.Rxb5 Bxb2 37.Qh7 gxh6
38.Qh8+ Ke7 39.Re1+ Be5 40.Rbxe5+ fxe5 41.Qxe5+ Kf7 42.Bc4+ Kg6 43.Qg3+  1-0

[Event "EU-chG16"]
[Site "Herceg Novi MNE"]
[Date "2006.09.11"]
[Round "2"]
[White "Uta,Ad"]
[Black "Topic,J"]
[Result "0-1"]
[WhiteElo "2050"]
[BlackElo "1872"]

1.e4 c5 2.Nf3 d6 3.d4 cxd4 4.Nxd4 Nf6 5.Nc3 a6 6.f3 e5 7.Nb3 Be6 8.Be3 Be7
9.Qd2 h5 10.O-O-O Qc7 11.Kb1 Nbd7 12.Qf2 b5 13.Qg3 Rc8 14.Rd2 b4 15.Nd5 Bxd5
16.exd5 Ra8 17.Bd3 a5 18.Bb5 a4 19.Bc6 axb3 20.Bxa8 Qa5 21.cxb3 Qxa8 22.Rhd1 g6
23.Bg5 O-O 24.Qh4 Qb7 25.Rc1 Re8 26.Rc4 Qb5 27.Rxb4 Qf1+ 28.Kc2 e4 29.fxe4 Rc8+
30.Rc4 Rxc4+ 31.bxc4 Qxc4+ 32.Kb1 Nxe4 33.Qh3 Bxg5 34.Rd1 Nf2 35.Qxd7 Nxd1  0-1

[Event "TCh-ESP Honor Gp2"]
[Site "San Sebastian ESP"]
[Date "2006.09.14"]
[Round "2"]
[White "Villalba Izquierdo,P"]
[Black "Candela Perez,J"]
[Result "0-1"]
[WhiteElo "2162"]
[BlackElo "2406"]

1.e4 c5 2.Nc3 d6 3.Nf3 Nf6 4.d4 cxd4 5.Nxd4 a6 6.f3 Qb6 7.Nb3 e6 8.Qe2 Qc7
9.Be3 b5 10.Qf2 Nbd7 11.g4 b4 12.Na4 Rb8 13.Nd4 h6 14.c4 Bb7 15.Be2 e5 16.Nf5 g6
17.Ng3 Bc6 18.b3 Bxa4 19.bxa4 Qa5 20.Kf1 Qxa4 21.Kg2 Qc6 22.h4 h5 23.g5 Nh7
24.Rhc1 Be7 25.Qe1 Nhf8 26.Rab1 Qa4 27.Rb2 Ne6 28.Qd2 a5 29.Bd1 Qc6 30.a3 f6
31.axb4 axb4 32.gxf6 Bxf6 33.Rxb4 Rxb4 34.Qxb4 Ndc5 35.Ra1 Bxh4 36.Qb8+ Bd8
37.Qb5 Kd7 38.Ra8 Qxb5 39.cxb5 Kc7 40.Be2 Kb7 41.Ra2 Bg5 42.Bxg5 Nxg5 43.Bc4 Nge6
44.Ne2 Nc7 45.Nc3 Rf8 46.Nd5 Nxd5 47.Bxd5+ Kb6 48.Bc6 Ne6 49.Ra3 Nd4 50.Bd7 Rd8
51.Ra6+ Kc5 52.Ra7 Rf8 53.Rc7+ Kb6 54.Rc3 Rf7 55.Be8 Re7 56.Rc8 Nxb5 57.Kf2 Re6
58.Bxb5 Kxb5 59.Kg3 Rf6 60.Rc3 Kb4 61.Rc6 g5 62.Rc8 g4 63.fxg4 hxg4 64.Rg8 Rf4
65.Rxg4 Rxg4+ 66.Kxg4 Kc4  0-1

[Event "EU-chG18"]
[Site "Herceg Novi MNE"]
[Date "2006.09.16"]
[Round "6"]
[White "Airapetian,Ta"]
[Black "Paulet,I"]
[Result "0-1"]
[WhiteElo "2228"]
[BlackElo "2123"]

1.e4 c5 2.Nf3 d6 3.d4 Nf6 4.Nc3 cxd4 5.Nxd4 a6 6.f3 e5 7.Nb3 Be7 8.Be3 Be6
9.Qd2 O-O 10.O-O-O a5 11.Bb5 Na6 12.Qf2 Qb8 13.g4 Nc7 14.g5 Nh5 15.Kb1 a4
16.Nc1 a3 17.b3 Qc8 18.Bf1 Na6 19.N1e2 Nb4 20.Qe1 Qc7 21.Qd2 Rfc8 22.Rc1 Ra5
23.Nd1 d5 24.c3 Na6 25.Ng3 Nf4 26.Nf5 dxe4 27.fxe4 Nc5 28.Nxe7+ Qxe7 29.Bxc5 Raxc5
30.Ne3 Qxg5 31.c4 b5 32.b4 R5c7 33.c5 Rd8 34.Qc3 Nd3 35.Bxd3 Qxe3 36.Bxb5 Qxe4+
37.Ka1 Qg2 38.Qc2 Rd2 39.Rhd1 Rcd7 40.Bc6 Rxd1  0-1

[Event "EU-chG18"]
[Site "Herceg Novi MNE"]
[Date "2006.09.17"]
[Round "7"]
[White "Domany,Z"]
[Black "Airapetian,Ta"]
[Result "1-0"]
[WhiteElo "2172"]
[BlackElo "2228"]

1.e4 c5 2.Nf3 d6 3.d4 cxd4 4.Nxd4 Nf6 5.Nc3 a6 6.f3 e6 7.Be3 b5 8.Qd2 b4
9.Nce2 e5 10.Nb3 a5 11.g4 h6 12.Ng3 Bb7 13.O-O-O Qc7 14.Kb1 a4 15.Nc1 d5
16.Bb5+ Nbd7 17.Rhe1 Ra5 18.Qe2 a3 19.Nb3 Ra8 20.exd5 Nxd5 21.f4 axb2 22.Bd4 Bd6
23.fxe5 Be7 24.Nf5 O-O 25.Nxe7+ Nxe7 26.e6 Nb6 27.exf7+ Rxf7 28.Bxb6 Qxb6
29.Bc4 Nd5 30.Rxd5 Bxd5 31.Bxd5 Rf8 32.Rf1  1-0

[Event "19th Moratalaz Open"]
[Site "Madrid ESP"]
[Date "2006.09.18"]
[Round "1"]
[White "Moreno Ruiz,J"]
[Black "Cortijo Manso,L"]
[Result "1-0"]
[WhiteElo "2469"]
[BlackElo "1783"]

1.e4 c5 2.Nf3 d6 3.d4 Nf6 4.Nc3 cxd4 5.Nxd4 a6 6.f3 e6 7.Be3 Be7 8.Qd2 Bd7
9.g4 h6 10.O-O-O Nc6 11.h4 Nh7 12.Qf2 b5 13.Kb1 b4 14.Nce2 a5 15.Nxc6 Bxc6
16.Nd4 Bd7 17.Nb5 O-O 18.Nxd6 Qc7 19.Bb6 Qb8 20.e5 f6 21.Bc4 fxe5 22.Nf5 Qb7
23.Nxe7+  1-0

[Event "Bygger'n Masters"]
[Site "Gausdal NOR"]
[Date "2006.09.24"]
[Round "1"]
[White "Stubberud,O"]
[Black "Wibe,P"]
[Result "1-0"]
[WhiteElo "2202"]
[BlackElo "1809"]

1.e4 c5 2.Nf3 d6 3.d4 cxd4 4.Nxd4 Nf6 5.Nc3 a6 6.f3 e6 7.Be3 Nc6 8.Qd2 Be7
9.O-O-O Bd7 10.g4 Nxd4 11.Bxd4 e5 12.Be3 Be6 13.g5 Nd7 14.h4 Qa5 15.Kb1 Nb6
16.Qf2 Na4 17.Nxa4 Qxa4 18.b3 Qc6 19.Bd3 d5 20.exd5 Bxd5 21.Rhf1 Bb4 22.c4 Be6
23.Be4 Qc7 24.f4 Ba3 25.f5 Bxc4 26.bxc4 Qxc4 27.Qc2 Qb4+ 28.Ka1 O-O 29.Rb1 Qa5
30.Bb6 Bb2+ 31.Rxb2 Qa3 32.Bc5  1-0

[Event "Bygger'n Masters"]
[Site "Gausdal NOR"]
[Date "2006.09.28"]
[Round "5"]
[White "Sagafos,M"]
[Black "Hillarp Persson,T"]
[Result "0-1"]
[WhiteElo "2301"]
[BlackElo "2549"]

1.e4 c5 2.Nf3 d6 3.d4 cxd4 4.Nxd4 Nf6 5.Nc3 a6 6.f3 e6 7.Be3 b5 8.g4 h6 9.Qd2 b4
10.Nce2 e5 11.Nf5 d5 12.O-O-O Be6 13.Kb1 Nc6 14.exd5 Nxd5 15.Bg2 Qa5 16.Nc1 Nc3+
17.bxc3 bxc3 18.Nb3 cxd2 19.Nxa5 Nxa5 20.Bxd2 Nc4 21.f4 Rc8 22.Be4 g6 23.Ne3 Nxd2+
24.Rxd2 exf4 25.Nd5 Rb8+ 26.Kc1 Ba3+ 27.Kd1 Bxg4+ 28.Ke1 Rb1+ 29.Kf2 Bc5+
30.Kg2 f3+  0-1

[Event "X Itau Cup"]
[Site "Sao Paulo BRA"]
[Date "2006.09.28"]
[Round "7"]
[White "Vescovi,G"]
[Black "Di Berardino,D"]
[Result "1-0"]
[WhiteElo "2619"]
[BlackElo "2370"]

1.e4 c5 2.Nf3 d6 3.d4 cxd4 4.Nxd4 Nf6 5.Nc3 a6 6.f3 e5 7.Nb3 Be6 8.Be3 Be7
9.Qd2 O-O 10.O-O-O Nbd7 11.g4 b5 12.g5 b4 13.Ne2 Ne8 14.Kb1 a5 15.Nbc1 Nb6
16.Ng3 d5 17.Bxb6 Qxb6 18.exd5 Rd8 19.Bc4 Nc7 20.dxe6 Rxd2 21.exf7+ Kh8 22.Rxd2 Qc6
23.b3 Bxg5 24.Rd3 Nb5 25.Bxb5 Qxb5 26.Rhd1 g6 27.Ne4 Bh4 28.Rd7 Kg7 29.Rc7 Qb6
30.Rdd7 Qg1 31.Kb2 Bg5 32.Nxg5 Qxg5 33.Nd3 Qf6 34.Kb1 Qxf3 35.Nxe5 Qe3 36.Nd3 Qg1+
37.Kb2 Qxh2 38.Re7 Qd2 39.a4 Kh6 40.Nc5 Qc3+ 41.Kb1 Rd8 42.f8=Q+  1-0

[Event "Vasylyshyn Mem"]
[Site "Lviv UKR"]
[Date "2006.10.10"]
[Round "6"]
[White "Popov,Iv RUS"]
[Black "Zakhartsov,V"]
[Result "0-1"]
[WhiteElo "2516"]
[BlackElo "2541"]

1.e4 c5 2.Nf3 d6 3.d4 cxd4 4.Nxd4 Nf6 5.Nc3 a6 6.f3 e5 7.Nb3 Be6 8.Be3 h5
9.Qd2 Nbd7 10.O-O-O Rc8 11.Kb1 b5 12.Nd5 Bxd5 13.exd5 Nb6 14.Bxb6 Qxb6 15.Bd3 g6
16.f4 Bh6 17.Qe2 O-O 18.fxe5 dxe5 19.Qxe5 Ng4 20.Qd4 Qd6 21.c3 Be3 22.Qb4 Qxb4
23.cxb4 Nf2 24.Na5 Nxh1 25.Rxh1 Rfe8 26.Nc6 Rc7 27.a4 Rd7 28.axb5 axb5 29.Bxb5 Rxd5
30.Bc4 Rd2 31.Rf1 Rf2 32.Rxf2 Bxf2 33.Kc2 Kg7 34.b5 f5 35.Kd3 Kf6 36.Bd5 g5
37.h3 g4 38.hxg4 fxg4 39.Nb4 h4 40.Bc6 Re6 41.Nd5+ Kg5 42.Nc3 Ba7 43.Ne2 h3
44.gxh3 gxh3 45.Kd2 Bf2 46.Nc3 Kh4 47.Bf3 h2 48.Ne4 Ba7 49.Kd3 Rg6 50.Kc4 Kh3  0-1

[Event "22nd ECU Club Cup"]
[Site "Feugen AUT"]
[Date "2006.10.12"]
[Round "5"]
[White "Kalod,R"]
[Black "Steingrimsson,H"]
[Result "1/2-1/2"]
[WhiteElo "2484"]
[BlackElo "2466"]

1.e4 c5 2.Nf3 d6 3.d4 cxd4 4.Nxd4 Nf6 5.Nc3 a6 6.Be3 Ng4 7.Bc1 Nf6 8.f3 e5
9.Nb3 Be6 10.Be3 Nbd7 11.Qd2 b5 12.a4 b4 13.Nd5 Bxd5 14.exd5 Nb6 15.Bxb6 Qxb6
16.a5 Qb7 17.Bc4 g6 18.Ra4 Rb8 19.Qd3 Ra8 20.Qd2 Rb8 21.Qd3 Ra8 22.Qd2 Rb8  1/2-1/2

[Event "22nd ECU Club Cup"]
[Site "Feugen AUT"]
[Date "2006.10.13"]
[Round "6"]
[White "Fercec,N"]
[Black "Zagorskis,D"]
[Result "1-0"]
[WhiteElo "2504"]
[BlackElo "2468"]

1.e4 c5 2.Nf3 d6 3.d4 cxd4 4.Nxd4 Nf6 5.Nc3 a6 6.f3 e5 7.Nb3 Be6 8.Be3 Nbd7
9.Qd2 Be7 10.O-O-O O-O 11.g4 Nb6 12.Kb1 Rc8 13.h4 Qc7 14.h5 Nfd7 15.g5 f5
16.g6 f4 17.Bxb6 Nxb6 18.h6 hxg6 19.Bh3 Qd7 20.Qg2 g5 21.hxg7 Kxg7 22.Na5 Bxh3
23.Rxh3 Rh8 24.Rxh8 Rxh8 25.Qg1 Bd8 26.b3 Rh6 27.Rd3 Kf7 28.Nd1 Ke8 29.Nf2 Nc8
30.Ng4 Rh4 31.Nc4 Qe6 32.Qd1 Bc7 33.a4 Ke7 34.Qd2 b6 35.Qc3 Bb8 36.Qb4 Rxg4
37.fxg4 Qxg4 38.Nxe5 Qg1+ 39.Kb2 Qc5 40.Qxc5 bxc5 41.Nc6+ Kf6 42.Nxb8 g4
43.Rd1 f3 44.Kc3 Ke5 45.Kd2 Kf4 46.Ke1  1-0

[Event "IRT5"]
[Site "Sao Paulo BRA"]
[Date "2006.10.13"]
[Round "4"]
[White "Schutt,Ri"]
[Black "Jacob,Ro"]
[Result "0-1"]
[WhiteElo "2167"]
[BlackElo "2015"]

1.e4 c5 2.Nf3 d6 3.d4 cxd4 4.Nxd4 Nf6 5.Nc3 a6 6.f3 e5 7.Nb3 Be6 8.Be3 Be7
9.Qd2 O-O 10.O-O-O Nbd7 11.g4 b5 12.g5 b4 13.Nd5 Nxd5 14.exd5 Bf5 15.Kb1 a5
16.Nc1 Qc7 17.Bd3 Bxd3 18.Nxd3 Qc4 19.Nf2 a4 20.Rc1 f5 21.f4 Bxg5 22.fxg5 f4
23.Nd1 fxe3 24.Nxe3 Qe4 25.Ka1 Nc5 26.Rhe1 b3 27.Qc3 Rf3 28.Nc4 Rxc3 29.Rxe4 Rxc2
30.Ree1 Nd3 31.Nb6 Nxe1 32.Rxe1 Ra7  0-1

[Event "WJun"]
[Site "Yerevan ARM"]
[Date "2006.10.16"]
[Round "13"]
[White "Baramidze,D"]
[Black "Kim,Alex"]
[Result "1-0"]
[WhiteElo "2585"]
[BlackElo "2428"]

1.e4 c5 2.Nf3 d6 3.d4 cxd4 4.Nxd4 Nf6 5.Nc3 a6 6.f3 e5 7.Nb3 Be6 8.Be3 Be7
9.Qd2 O-O 10.O-O-O a5 11.Kb1 a4 12.Nc1 Nbd7 13.a3 Nb6 14.Qf2 Nfd7 15.N1a2 Nc4
16.Bxc4 Bxc4 17.g4 Qa5 18.Nb4 Rfc8 19.Ncd5 Bf8 20.h4 Rc5 21.g5 Rb5 22.h5 Re8
23.Qh2 Bxd5 24.Nxd5 Re6 25.Qh3 Qd8 26.Qf5 Nb8 27.Rdg1 Na6 28.Nf6+ Rxf6 29.gxf6 Nc7
30.fxg7 Be7 31.Rg6  1-0

[Event "70th Jubilee"]
[Site "Obro DEN"]
[Date "2006.10.19"]
[Round "6"]
[White "Skovgaard,Pe2"]
[Black "Vajda,S"]
[Result "0-1"]
[WhiteElo "2230"]
[BlackElo "2401"]

1.e4 c5 2.Nf3 d6 3.d4 cxd4 4.Nxd4 Nf6 5.Nc3 a6 6.f3 e5 7.Nb3 Be6 8.Be3 Be7
9.Qd2 O-O 10.O-O-O b5 11.g4 Nbd7 12.g5 Nh5 13.Nd5 Bxd5 14.exd5 f5 15.gxf6 Bxf6
16.Na5 Nf4 17.Nc6 Qc7 18.Bxf4 exf4 19.Kb1 Nb6 20.b3 Kh8 21.Rc1 b4 22.Bh3 Rfe8
23.Rcd1 a5 24.Qd3 Re3 25.Qf5 a4 26.Qxf4 axb3 27.cxb3 Re2 28.Rhe1 Nxd5  0-1

[Event "10th Essent Open"]
[Site "Hoogeveen NED"]
[Date "2006.10.21"]
[Round "2"]
[White "Hoeksema,E"]
[Black "Dvoirys,S"]
[Result "1-0"]
[WhiteElo "2374"]
[BlackElo "2553"]

1.e4 c5 2.Nf3 d6 3.d4 cxd4 4.Nxd4 Nf6 5.Nc3 a6 6.f3 Qb6 7.Nb3 e6 8.Bf4 Nbd7
9.Qd2 Ne5 10.O-O-O Qc7 11.Kb1 Bd7 12.Bg5 b5 13.f4 b4 14.fxe5 bxc3 15.exd6 Qc6
16.Qd4 Nxe4 17.Bf4 cxb2 18.c4 a5 19.Be2 a4 20.Nd2 Nf6 21.Bf3 Qa6 22.Bxa8 Qxa8
23.Be5 a3 24.Rhe1 h5 25.Bxf6 gxf6 26.Ne4 Rh6 27.Nxf6+ Rxf6 28.Qxf6 Qxg2 29.Rd3 Ba4
30.d7+ Bxd7 31.Rxd7 Kxd7 32.Qxf7+ Kc6 33.Qxe6+ Kc7 34.Qf7+ Kc6 35.Qxh5 Bd6
36.Qe8+ Kc7 37.h4 Qf2 38.Qe4 Bb4 39.Rd1 Bd6 40.Qh7+ Kc6 41.Qg6 Qf4 42.h5 Kc5
43.Qxd6+  1-0

[Event "14th Chigorin Mem"]
[Site "St-Petersburg RUS"]
[Date "2006.10.23"]
[Round "1"]
[White "Gorovykh,E"]
[Black "Makarov,M"]
[Result "0-1"]
[WhiteElo "2341"]
[BlackElo "2515"]

1.e4 c5 2.Nf3 d6 3.d4 Nf6 4.Nc3 cxd4 5.Nxd4 a6 6.f3 e5 7.Nb3 Be6 8.Be3 Be7
9.g4 d5 10.g5 d4 11.gxf6 Bxf6 12.Bf2 dxc3 13.Qxd8+ Bxd8 14.bxc3 Nd7 15.O-O-O Rc8
16.Kb2 O-O 17.h4 h5 18.c4 Be7 19.Bh3 Bxh3 20.Rxh3 Rc7 21.Rhh1 Rfc8 22.Rd5 Bf8
23.Kb1 g6 24.Rhd1 Nf6 25.c5 Nxd5 26.exd5 Bxc5 27.Nxc5 Rxc5 28.Bxc5 Rxc5 29.d6 Rc8
30.c4 f6 31.c5 Kf7 32.Kb2 Ke6 33.Kb3 Kd7 34.Kb4 Rc6 35.Rg1 b6 36.cxb6 Rxb6+
37.Ka5 Rxd6 38.Rxg6 Ke6 39.Rh6 Rd3 40.a4 Rxf3 41.Rxh5 e4 42.Rh8 Rf5+ 43.Kxa6 Re5
44.h5 e3 45.h6 Kf7  0-1

[Event "WYB18"]
[Site "Batumi GEO"]
[Date "2006.10.25"]
[Round "8"]
[White "Hasanov,Sh"]
[Black "Tzekov,S"]
[Result "0-1"]
[WhiteElo "2249"]
[BlackElo "2195"]

1.e4 c5 2.Nf3 d6 3.d4 cxd4 4.Nxd4 Nf6 5.Nc3 a6 6.f3 e5 7.Nb3 Be6 8.Be3 Nbd7
9.g4 Nb6 10.g5 Nfd7 11.Qd2 Rc8 12.O-O-O Be7 13.h4 O-O 14.Kb1 f5 15.gxf6 Nxf6
16.Bxb6 Qxb6 17.Bh3 Bxh3 18.Rxh3 Qc6 19.Nc1 b5 20.N1e2 Rf7 21.Ng3 b4 22.Nce2 Bf8
23.h5 a5 24.Rhh1 a4 25.Qd3 Kh8 26.f4 Ng4 27.Rhf1 a3 28.Nf5 axb2 29.Kxb2 Ra7
30.Nc1 exf4 31.Rxf4 Ne5 32.Qd5 Qxc2+ 33.Ka1 Nc4 34.Qd4 Rca8  0-1